000 00599nam#a22002295a#4500
001 2449
245 1 0 _a30.30 :
_bPoesía argentina del siglo XXI /
_cBeier Antolín.
250 _a1ª edic.
260 _aBuenos Aires :
_bFabro,
_c2014.
300 _a252 p. ;
_c21 cm.
500 _aPertenece a la colección Juan Gelman.
020 _a9789871912339
100 1 _aAntolín, Beier.
080 _a82-1(82)"20"
084 _aB33
653 _aPoesía
040 _aAR-ClEAG
_cAR-ClEAG
008 141027s2014####ag############000#0#und#d
005 20241107184745.0
003 AR-ClEAG
942 _cBK
999 _c2449
_d2449
980 _62
_aEvangelina Gallicchio
_82
_gEvangelina Gallicchio